00678nam a2200205Ia 450000500170000000800410001702000180005804000180007604100080009408200220010210000200012424501160014425000120026026000700027230000320034265000280037465000340040265000170043670000190045320251211153937.0210716s2018 xx 000 0 und d a9789352136797 cAIMIT LIBRARY aeng a005.763 21bFISD aFisher, Danyel. aMaking data visual : bpractical guide to using visualization for insight /cBy Danyel Fisher and Miriah Meyer. a1st ed. aNew Delhi :bShroff Publishers and Distributors Pvt Ltd ,c2018. axiii, 149p. ;c22.5 cm.bPB aFrom questions to tasks aComponents of a visualization aSingle views aMeyer, Miriah.